000 01399cad a22002295a 4500
001 L143124
008 080409e20080220xxk f v 000 0 eng d
035 _a(Sirsi) u143124
041 0 _aeng
245 0 0 _aReinwood Ltd v L Brown and Sons Ltd
_h[electronic resource]
260 _c2008
520 _a[2008] UKHL 12, 20 February 2008. Appeal by contractor (B) against a decision ([2007] EWCA Civ 601, L143128) that B had not been entitled to determine a JCT contract made between B and respondent employer (R) because R had withheld a sum due in payment. "Held": appeal dismissed. R was entitled to deduct from the payment certificate a sum representing damages for non-completion, even when the certificate of non-completion had been cancelled by the subsequent grant of an extension of time.
590 _aKA
650 2 4 _aREINWOOD LTD V L BROWN AND SONS LTD
650 2 4 _aHOUSING GRANTS, CONSTRUCTION AND REGENERATION ACT 1996 S111
650 2 4 _aHOUSING GRANTS, CONSTRUCTION AND REGENERATION ACT 1996 S110
650 2 4 _aMELVILLE DUNDAS LTD V GEORGE WIMPEY UK LTD AND ANOTHER
651 4 _aEngland and Wales
_y1543-
690 _aBUILT ENVIRONMENT-CONSTRUCTION MANAGEMENT-BUILDING CONTRACT ADMINISTRATION
856 4 0 _uhttps://www.publications.parliament.uk/pa/ld200708/ldjudgmt/jd080220/reinwo-1.htm
_zView the judgment free of charge at www.publications.parliament.uk...
942 _n0
999 _c80067
_d80067